<?xml version="1.0" encoding="UTF-8"?>
<record
    xmlns:xsi="http://www.w3.org/2001/XMLSchema-instance"
    xsi:schemaLocation="http://www.loc.gov/MARC21/slim http://www.loc.gov/standards/marcxml/schema/MARC21slim.xsd"
    xmlns="http://www.loc.gov/MARC21/slim">

  <leader>01146nam a2200265Ia 4500</leader>
  <controlfield tag="005">20220317001230.0</controlfield>
  <controlfield tag="008">160825s2004    ck a   g      000 0 spa  </controlfield>
  <datafield tag="020" ind1=" " ind2=" ">
    <subfield code="a">958972552X</subfield>
  </datafield>
  <datafield tag="082" ind1="0" ind2="4">
    <subfield code="a">394.5861</subfield>
    <subfield code="b">F85v2</subfield>
  </datafield>
  <datafield tag="110" ind1="2" ind2=" ">
    <subfield code="a">Fundaci&#xF3;n BAT. Colombia</subfield>
    <subfield code="9">67956</subfield>
  </datafield>
  <datafield tag="245" ind1="1" ind2="4">
    <subfield code="a">Las voces de la memoria</subfield>
    <subfield code="b">conversatorios sobre fiestas populares de Colombia 2002 y 2003, tomo 2</subfield>
    <subfield code="c">Fundaci&#xF3;n BAT Colombia</subfield>
  </datafield>
  <datafield tag="250" ind1=" " ind2=" ">
    <subfield code="a">1a. edici&#xF3;n </subfield>
  </datafield>
  <datafield tag="300" ind1=" " ind2=" ">
    <subfield code="a">275 p&#xE1;ginas </subfield>
    <subfield code="b">ilustraciones y fotograf&#xED;as en blanco y negro</subfield>
    <subfield code="c">24 cm</subfield>
  </datafield>
  <datafield tag="650" ind1="1" ind2="4">
    <subfield code="2">LEMB</subfield>
    <subfield code="a">Dias festivos </subfield>
    <subfield code="v">Congresos, conferencias, etc.</subfield>
    <subfield code="z">Colombia </subfield>
  </datafield>
  <datafield tag="650" ind1="1" ind2="4">
    <subfield code="2">LEMB </subfield>
    <subfield code="a">Festivales Musicales</subfield>
    <subfield code="v">Congresos, conferencias, etc.</subfield>
    <subfield code="z">Colombia </subfield>
  </datafield>
  <datafield tag="650" ind1="1" ind2="4">
    <subfield code="2">LEMB </subfield>
    <subfield code="a">Festivales Populares</subfield>
    <subfield code="v">Congresos, conferencias, etc.</subfield>
    <subfield code="z">Colombia </subfield>
  </datafield>
  <datafield tag="650" ind1="1" ind2="4">
    <subfield code="2">LEMB </subfield>
    <subfield code="a">Festivales</subfield>
    <subfield code="v">Congresos, conferencias, etc.</subfield>
    <subfield code="z">Colombia </subfield>
  </datafield>
  <datafield tag="650" ind1="1" ind2="4">
    <subfield code="2">LEMB </subfield>
    <subfield code="a">Fiestas Folcloricas</subfield>
    <subfield code="v">Congresos, conferencias, etc.</subfield>
    <subfield code="z">Colombia </subfield>
  </datafield>
  <datafield tag="942" ind1=" " ind2=" ">
    <subfield code="2">ddc</subfield>
    <subfield code="c">BK</subfield>
  </datafield>
  <datafield tag="264" ind1=" " ind2=" ">
    <subfield code="a">Bogot&#xE1;</subfield>
    <subfield code="b">Fundaci&#xF3;n BAT</subfield>
    <subfield code="c">2004</subfield>
  </datafield>
  <datafield tag="336" ind1=" " ind2=" ">
    <subfield code="a">texto</subfield>
    <subfield code="b">txt</subfield>
    <subfield code="2">rdacontent</subfield>
  </datafield>
  <datafield tag="337" ind1=" " ind2=" ">
    <subfield code="a">sin mediaci&#xF3;n</subfield>
    <subfield code="b">n</subfield>
    <subfield code="2">rdamedia</subfield>
  </datafield>
  <datafield tag="338" ind1=" " ind2=" ">
    <subfield code="a">volumen</subfield>
    <subfield code="b">nc</subfield>
    <subfield code="2">rdacarrier</subfield>
  </datafield>
  <datafield tag="040" ind1=" " ind2=" ">
    <subfield code="a">CO-BoRNBP</subfield>
    <subfield code="b">spa</subfield>
    <subfield code="e">rda</subfield>
    <subfield code="c">CO-BoRNBP</subfield>
  </datafield>
  <datafield tag="999" ind1=" " ind2=" ">
    <subfield code="c">6326</subfield>
    <subfield code="d">6326</subfield>
  </datafield>
  <datafield tag="952" ind1=" " ind2=" ">
    <subfield code="0">0</subfield>
    <subfield code="1">0</subfield>
    <subfield code="2">ddc</subfield>
    <subfield code="4">0</subfield>
    <subfield code="7">0</subfield>
    <subfield code="8">GEN</subfield>
    <subfield code="a">MEDORADO</subfield>
    <subfield code="b">MEDORADO</subfield>
    <subfield code="c">GEN</subfield>
    <subfield code="d">2022-12-26</subfield>
    <subfield code="l">0</subfield>
    <subfield code="o">394.5861 F85v2</subfield>
    <subfield code="p">DOR00288</subfield>
    <subfield code="r">2022-12-26 00:00:00</subfield>
    <subfield code="t">Ej.1</subfield>
    <subfield code="w">2022-12-26</subfield>
    <subfield code="y">BK</subfield>
  </datafield>
  <datafield tag="952" ind1=" " ind2=" ">
    <subfield code="0">0</subfield>
    <subfield code="1">0</subfield>
    <subfield code="2">ddc</subfield>
    <subfield code="4">0</subfield>
    <subfield code="7">0</subfield>
    <subfield code="8">GEN</subfield>
    <subfield code="a">MESMARTI</subfield>
    <subfield code="b">MESMARTI</subfield>
    <subfield code="c">GEN</subfield>
    <subfield code="d">2023-07-26</subfield>
    <subfield code="l">0</subfield>
    <subfield code="o">394.5861 F85v2</subfield>
    <subfield code="p">SM001376</subfield>
    <subfield code="r">2023-07-26 21:03:47</subfield>
    <subfield code="t">Ej.1</subfield>
    <subfield code="w">2023-07-26</subfield>
    <subfield code="y">BK</subfield>
  </datafield>
  <datafield tag="952" ind1=" " ind2=" ">
    <subfield code="0">0</subfield>
    <subfield code="1">0</subfield>
    <subfield code="2">ddc</subfield>
    <subfield code="4">0</subfield>
    <subfield code="7">0</subfield>
    <subfield code="8">GEN</subfield>
    <subfield code="a">MECUMARA</subfield>
    <subfield code="b">MECUMARA</subfield>
    <subfield code="c">LIT</subfield>
    <subfield code="d">2024-06-06</subfield>
    <subfield code="l">0</subfield>
    <subfield code="o">394.5861F85v2</subfield>
    <subfield code="p">CUM00372</subfield>
    <subfield code="r">2024-06-06 15:48:57</subfield>
    <subfield code="t">Ej.1</subfield>
    <subfield code="w">2024-06-06</subfield>
    <subfield code="y">BK</subfield>
  </datafield>
  <datafield tag="952" ind1=" " ind2=" ">
    <subfield code="0">0</subfield>
    <subfield code="1">0</subfield>
    <subfield code="2">ddc</subfield>
    <subfield code="4">0</subfield>
    <subfield code="7">0</subfield>
    <subfield code="8">GEN</subfield>
    <subfield code="a">MEBAUPIA</subfield>
    <subfield code="b">MEBAUPIA</subfield>
    <subfield code="c">GEN</subfield>
    <subfield code="d">2024-08-02</subfield>
    <subfield code="l">0</subfield>
    <subfield code="o">394.5861 F85v2</subfield>
    <subfield code="p">BUP01510</subfield>
    <subfield code="r">2024-08-02 11:03:26</subfield>
    <subfield code="t">Ej.1</subfield>
    <subfield code="w">2024-08-02</subfield>
    <subfield code="y">BK</subfield>
  </datafield>
  <datafield tag="952" ind1=" " ind2=" ">
    <subfield code="0">0</subfield>
    <subfield code="1">0</subfield>
    <subfield code="2">ddc</subfield>
    <subfield code="4">0</subfield>
    <subfield code="7">0</subfield>
    <subfield code="8">GEN</subfield>
    <subfield code="a">MEPLOPEZ</subfield>
    <subfield code="b">MEPLOPEZ</subfield>
    <subfield code="c">GEN</subfield>
    <subfield code="d">2025-05-30</subfield>
    <subfield code="l">0</subfield>
    <subfield code="o">394.5861 F85v2</subfield>
    <subfield code="p">PLZ02143</subfield>
    <subfield code="r">2025-05-30 16:56:47</subfield>
    <subfield code="t">Ej.1</subfield>
    <subfield code="w">2025-05-30</subfield>
    <subfield code="y">BK</subfield>
  </datafield>
  <datafield tag="952" ind1=" " ind2=" ">
    <subfield code="0">0</subfield>
    <subfield code="1">0</subfield>
    <subfield code="2">ddc</subfield>
    <subfield code="4">0</subfield>
    <subfield code="7">0</subfield>
    <subfield code="8">GEN</subfield>
    <subfield code="a">MEACACIA</subfield>
    <subfield code="b">MEACACIA</subfield>
    <subfield code="c">GEN</subfield>
    <subfield code="d">2025-09-10</subfield>
    <subfield code="l">0</subfield>
    <subfield code="o">394.5861 F85v2</subfield>
    <subfield code="p">ACA02849</subfield>
    <subfield code="r">2025-09-10 21:20:37</subfield>
    <subfield code="t">Ej.1</subfield>
    <subfield code="w">2025-09-10</subfield>
    <subfield code="y">BK</subfield>
  </datafield>
</record>
